| 000 | 00456nam a22001697a 4500 | ||
|---|---|---|---|
| 999 |
_c525286 _d525286 |
||
| 003 | NUST | ||
| 038 | _awaseem | ||
| 082 |
_a891.491101 _bHUS |
||
| 100 |
_aHussain, Rana Fazal _916025 |
||
| 245 |
_aRahmat Ki Rot / _cRana Fazal Hussain |
||
| 260 |
_aRawalpindi : _bFaiz-ul-Islam, _c2010. |
||
| 300 | _a160 p. ; | ||
| 500 | _aHardcover. | ||
| 880 |
_6100-01\r _aرانا فضل حسین |
||
| 880 |
_6245-02\r _aرحمتاں کی رُت / |
||
| 942 |
_2ddc _cBK |
||